Catálogo público

Problemas de ingeniería química : operaciones básicas / (Record no. 172934)

MARC details
000 -CABECERA
campo de control de longitud fija 01094nam a2200325Ia 4500
001 - NÚMERO DE CONTROL
campo de control dia_2411
003 - IDENTIFICADOR DEL NÚMERO DE CONTROL
campo de control CHAP
005 - FECHA Y HORA DE LA ÚLTIMA TRANSACCIÓN
campo de control 20230508093233.0
008 - DATOS DE LONGITUD FIJA--INFORMACIÓN GENERAL
campo de control de longitud fija 220117s1980 xx 000 0 und d
010 ## - NÚMERO DE CONTROL DE LA BIBLIOTECA DEL CONGRESO
Número de control de LC 172934
020 ## - NÚMERO INTERNACIONAL ESTÁNDAR DEL LIBRO
Número Internacional Estándar del Libro 84-03-20997-5
040 ## - FUENTE DE LA CATALOGACIÓN
Centro/agencia transcriptor CHAP
082 ## - NÚMERO DE LA CLASIFICACIÓN DECIMAL DEWEY
Número de clasificación 660 O26 1980
100 ## - ENTRADA PRINCIPAL--NOMBRE DE PERSONA
Nombre de persona Ocon García, Joaquín
9 (RLIN) 152781
245 ## - MENCIÓN DE TÍTULO
Título Problemas de ingeniería química : operaciones básicas /
Mención de responsabilidad, etc. Joaquín Ocon García y Gabriel Tojo Barreiro
250 ## - MENCIÓN DE EDICIÓN
Mención de edición 3a ed.
260 ## - PUBLICACIÓN, DISTRIBUCIÓN, ETC.
Lugar de publicación, distribución, etc. España :
Nombre del editor, distribuidor, etc. Aguilar,
Fecha de publicación, distribución, etc. 1980
300 ## - DESCRIPCIÓN FÍSICA
Extensión 2 t.
400 ## - MENCIÓN DE SERIE/PUNTO DE ACCESO ADICIONAL--NOMBRE DE PERSONA [OBSOLETO, CAN/MARC], [LOCAL, USA]
Nombre de persona COLECCIÓN CIENCIA Y TÉCNICA
500 ## - NOTA GENERAL
Nota general Los ejemplares 2, 3, 5, 6, 7, 8 del tomo 1 y los ejemplares 3, 4, 5, 6, 7 del tomo 2 son material fotocopiado.
503 ## - NOTA DE HISTORIA BIBLIOGRÁFICA (BK CF MU) [OBSOLETO]
Nota de historia bibliográfica D. (ej. 4 T.1)
590 ## - NOTA LOCAL (RLIN)
Nota local TP155 O26 1980
650 ## - PUNTO DE ACCESO ADICIONAL DE MATERIA--TÉRMINO DE MATERIA
Término de materia o nombre geográfico como elemento de entrada Chemical engineering
9 (RLIN) 147048
650 ## - PUNTO DE ACCESO ADICIONAL DE MATERIA--TÉRMINO DE MATERIA
Término de materia o nombre geográfico como elemento de entrada Ingeniería química
Subdivisión general Problemas y ejercicios
9 (RLIN) 152782
700 ## - PUNTO DE ACCESO ADICIONAL--NOMBRE DE PERSONA
Nombre de persona Tojo Barreiro, Gabriel, coaut.
9 (RLIN) 152783
901 ## - ELEMENTOS DE DATOS A LOCAL LDA (RLIN)
a 660 O26 1980
902 ## - ELEMENTOS DE DATOS B LOCAL, LDB (RLIN)
a M
905 ## - ELEMENTOS DE DATOS E LOCAL, LDE (RLIN)
a 5232271980 SP amn 8222223322SPA16
942 ## - ELEMENTOS DE PUNTO DE ACCESO ADICIONAL (KOHA)
Tipo de ítem Koha Libro
Fuente del sistema de clasificación o colocación Dewey Decimal Classification
Holdings
Estado de retiro Estado de pérdida Fuente del sistema de clasificación o colocación Estado dañado No para préstamo Código de colección Localización permanente Ubicación/localización actual Fecha de adquisición Información codificada de la localización en otra ubicación Enumeración/cronología de publicación seriada Total de préstamos Signatura topográfica completa Código de barras Fecha visto por última vez Fecha del último préstamo Número de copia Precio válido a partir de Tipo de ítem Koha
    Dewey Decimal Classification     General Ingenieria Agroindustrial Ingenieria Agroindustrial 18/01/2022 1 Tomo: 2 1 660 O26 1980 dia_004519 05/06/2024 05/06/2024 7 18/01/2022 Libro
    Dewey Decimal Classification     General Ingenieria Agroindustrial Ingenieria Agroindustrial 18/01/2022 1 Tomo: 1   660 O26 1980 dia_001667 18/01/2022   1 18/01/2022 Libro
    Dewey Decimal Classification     General Ingenieria Agroindustrial Ingenieria Agroindustrial 18/01/2022 1 Tomo: 1   660 O26 1980 dia_001668 18/01/2022   2 18/01/2022 Libro
    Dewey Decimal Classification     General Ingenieria Agroindustrial Ingenieria Agroindustrial 18/01/2022 1 Tomo: 1   660 O26 1980 dia_003672 18/01/2022   3 18/01/2022 Libro
    Dewey Decimal Classification     General Ingenieria Agroindustrial Ingenieria Agroindustrial 18/01/2022 1 Tomo: 1 1 660 O26 1980 dia_003673 30/06/2025 30/06/2025 4 18/01/2022 Libro
    Dewey Decimal Classification     General Ingenieria Agroindustrial Ingenieria Agroindustrial 18/01/2022 1 Tomo: 1   660 O26 1980 dia_003674 18/01/2022   5 18/01/2022 Libro
    Dewey Decimal Classification     General Ingenieria Agroindustrial Ingenieria Agroindustrial 18/01/2022 1 Tomo: 1   660 O26 1980 dia_004355 18/01/2022   6 18/01/2022 Libro
    Dewey Decimal Classification     General Ingenieria Agroindustrial Ingenieria Agroindustrial 18/01/2022 1 Tomo: 1   660 O26 1980 dia_004511 18/01/2022   7 18/01/2022 Libro
    Dewey Decimal Classification     General Ingenieria Agroindustrial Ingenieria Agroindustrial 18/01/2022 1 Tomo: 1   660 O26 1980 dia_004512 18/01/2022   8 18/01/2022 Libro
    Dewey Decimal Classification     General Ingenieria Agroindustrial Ingenieria Agroindustrial 18/01/2022 1 Tomo: 2   660 O26 1980 dia_004513 18/01/2022   1 18/01/2022 Libro
    Dewey Decimal Classification     General Ingenieria Agroindustrial Ingenieria Agroindustrial 18/01/2022 1 Tomo: 2   660 O26 1980 dia_004514 18/01/2022   2 18/01/2022 Libro
    Dewey Decimal Classification     General Ingenieria Agroindustrial Ingenieria Agroindustrial 18/01/2022 1 Tomo: 2   660 O26 1980 dia_004515 18/01/2022   3 18/01/2022 Libro
    Dewey Decimal Classification     General Ingenieria Agroindustrial Ingenieria Agroindustrial 18/01/2022 1 Tomo: 2 1 660 O26 1980 dia_004516 30/06/2025 30/06/2025 4 18/01/2022 Libro
    Dewey Decimal Classification     General Ingenieria Agroindustrial Ingenieria Agroindustrial 18/01/2022 1 Tomo: 2   660 O26 1980 dia_004517 18/01/2022   5 18/01/2022 Libro
    Dewey Decimal Classification     General Ingenieria Agroindustrial Ingenieria Agroindustrial 18/01/2022 1 Tomo: 2   660 O26 1980 dia_004818 18/01/2022   6 18/01/2022 Libro